000 00771nam a2200217 a 4500
999 _c12619
_d12619
001 12619
003 BD-JhCC
005 20221017113628.0
008 221017s2021 bg |||| |||| 000 0 ban d
035 _a(BD-JhCC)12619
040 _aBD-JhCC
_dBD-JhCC
041 _aBangla
082 _a915.4
_bADI 2021
100 _aআদিল, অধ্যাপক আবদুল কুদ্দুস
245 _aআধুনিক সভ্যতার ‍উজান বাঁকে /
_cঅধ্যাপক আবদুল কুদ্দুস আদিল
260 _aঢাকা :
_bরচনা প্রকাশ,
_c২০২১
300 _a২২৪ পৃ. :
_c২১ সেমি.
650 _aCivilization, Modern
650 _aHistory
942 _2ddc
_cBK